Statistics for Letter Box Puzzle #3

Click here to take the quiz!

General Stats

  • This quiz has been taken 56 times
  • The average score is 8 of 17

Answer Stats

HintAnswer% Correct
Thailand, formerly (4)Siam
86%
Ancient Peruvian (4)Inca
78%
Shankar's instrument (5)Sitar
78%
Huge wave (7)Tsunami
76%
Drape; window cover (7)Curtain
75%
Baby stroller (Brit.) (4)Pram
69%
Root vegetable (6)Turnip
51%
Son of Daedalus (6)Icarus
49%
One of a skull's two parts (7)Cranium
43%
New Testament book (4)Acts
35%
Island near Naples (5)Capri
35%
City in North Queensland (6)Cairns
24%
Grape; Asian capital city (6)Muscat
22%
To lose control, freak out (5)Panic
22%
Strictly moral person (7)Puritan
20%
10 Letter WordMANUSCRIPT
18%
Savoury gelatin dish (5)Aspic
14%

Score Distribution

Percentile by Number Answered

Percent of People with Each Score

Your Score History

You have not taken this quiz